Statistics for Christmas Specials 2023 #1: 12 days of Christmas

Click here to take the quiz!

General Stats

  • This quiz has been taken 3 times
  • The average score is 8 of 12

Answer Stats

DayMy true love gave me....% Correct
2Two turtle doves
100%
11Eleven pipers piping
67%
5Five golden rings
67%
4Four calling birds
67%
9Nine ladies dancing
67%
1Partridge in a pear tree
67%
7Seven swans a-swimming
67%
10Ten lords a-leaping
67%
3Three French hens
67%
12Twelve drummers drumming
67%
8Eight maids a-milking
33%
6Six geese a-laying
33%

Score Distribution

Percentile by Number Answered

Percent of People with Each Score

Your Score History

You have not taken this quiz